MARC

LEADER 00000nam0a2200000 4500
001 306528
005 20231102001913.0
020 |a RU  |b 83-39827ж 
035 |a (RuTPU)RU\TPU\book\331805 
090 |a 306528 
100 |a 20151008a1982 k y0rusy5003 ca 
101 0 |a rus 
102 |a RU 
105 |a a z 000zy 
200 1 |a Экономические проблемы интенсификации и повышения эффективности машиностроительного производства  |e сборник научных трудов  |f Челябинский политехнический институт (ЧелПИ) ; под ред. Г.С. Празднова 
210 |a Челябинск  |c Изд-во ЧелПИ  |d 1982 
215 |a 132 с.  |c ил. 
225 1 |a Тематический сборник научных трудов [Челябинского политехнического института]  |v № 275 
606 |a Машиностроение  |x Экономическая эффективность  |x Технико-экономические показатели  |2 stltpush  |3 (RuTPU)RU\TPU\subj\41436  |9 61227 
610 1 |a производственное оборудование 
610 1 |a использование 
610 1 |a машины 
610 1 |a износ 
610 1 |a производство 
610 1 |a интенсификация 
610 1 |a стимулирование 
610 1 |a ремонтные бригады 
610 1 |a материально-техническое обеспечение 
610 1 |a научно-исследовательские работы 
675 |a 621.002:658.5.011.46  |v 3 
702 1 |a Празднов  |b Г.С.  |g Геннадий Сергеевич  |4 340 
712 0 2 |a Челябинский политехнический институт (ЧелПИ)  |c (1951-1990)  |2 stltpush  |3 (RuTPU)RU\TPU\col\7924 
801 0 |a RU  |b RuMRKP  |c 19950704  |g psbo 
801 1 |a RU  |b 63413507  |c 20151008 
801 2 |a RU  |b 63413507  |c 20180627  |g RCR 
942 |c BK